| 000 | 00444nam a2200169Ia 4500 | ||
|---|---|---|---|
| 005 | 20250606152145.0 | ||
| 008 | 231217s9999 xx 000 0 und d | ||
| 020 | _a9780070669079 | ||
| 082 | _a001.6424C BAL;51 R | ||
| 100 | _aBalagurusamy, E. | ||
| 245 | 0 | _aObject-oriented programming with C++ | |
| 250 | _a4th ed. | ||
| 260 |
_c2008 _bTMH _aNew Delhi |
||
| 300 | _axi, 637 | ||
| 650 | _aObject-oriented,programming,C++ | ||
| 942 | _cAA | ||
| 999 |
_c183925 _d183925 |
||